Company law / (Record no. 134199)

MARC details
000 -LEADER
fixed length control field 00619nam a2200241 a 4500
008 - FIXED-LENGTH DATA ELEMENTS--GENERAL INFORMATION
fixed length control field
020 ## - INTERNATIONAL STANDARD BOOK NUMBER
International Standard Book Number 9780340942437 (pbk.)
049 ## - LOCAL HOLDINGS (OCLC)
Holding library MAIN
090 ## - LOCALLY ASSIGNED LC-TYPE CALL NUMBER (OCLC); LOCAL CALL NUMBER (RLIN)
Classification number (OCLC) (R) ; Classification number, CALL (RLIN) (NR) KD2079
Local cutter number (OCLC) ; Book number/undivided call number, CALL (RLIN) RID
003 - CONTROL NUMBER IDENTIFIER
control field
005 - DATE AND TIME OF LATEST TRANSACTION
control field 20230123125019.0
040 ## - CATALOGING SOURCE
Transcribing agency NUST
100 1# - MAIN ENTRY--PERSONAL NAME
Personal name Ridley, Ann.
245 10 - TITLE STATEMENT
Title Company law /
Statement of responsibility, etc. Ann Ridley.
250 ## - EDITION STATEMENT
Edition statement 2007-2008 ed.
260 ## - PUBLICATION, DISTRIBUTION, ETC.
Place of publication, distribution, etc. London :
Name of publisher, distributor, etc. Hodder Arnold,
Date of publication, distribution, etc. c2007.
300 ## - PHYSICAL DESCRIPTION
Extent v, 135 p. ;
Dimensions 20 cm.
490 ## - SERIES STATEMENT
Series statement Key Facts.
500 ## - GENERAL NOTE
General note Includes index.
650 ## - SUBJECT ADDED ENTRY--TOPICAL TERM
Topical term or geographic name entry element Company law.
907 ## - LOCAL DATA ELEMENT G, LDG (RLIN)
a .b10276178
b 09-04-18
c 26-04-10
942 ## - ADDED ENTRY ELEMENTS (KOHA)
Koha item type Ordinary Loan Books
Call number prefix KD2079
Call number suffix RID
Holdings
Date last seen Total Checkouts Full call number Barcode Cost, replacement price Price effective from Koha item type Lost status Source of classification or shelving scheme Damaged status Not for loan Collection Withdrawn status Home library Current library Shelving location Date acquired Cost, normal purchase price
01/23/2023 1 KD2079 RID 92004010800 80.00 01/23/2023 BOOKS   LCC     NFIC   MAIN MAIN GEN 01/23/2023 80.00